| 000 | 00918nam a2200289 a 4500 | ||
|---|---|---|---|
| 001 | 3101334 | ||
| 005 | 20170105102919.0 | ||
| 008 | 981210r19981993pk 000 0 eng | ||
| 010 | _a 98930117 | ||
| 020 | _a9693508424 | ||
| 025 | _aP-E-98930117; 08 | ||
| 040 |
_aDLC _cDLC |
||
| 042 | _alcode | ||
| 043 | _aa-pk--- | ||
| 050 | 0 | 0 |
_aDS384 _b.G39 1998 |
| 082 | 0 | 0 |
_a320.95491 _221 |
| 100 | 1 |
_aGauhar, Altaf, _d1923- |
|
| 245 | 1 | 0 |
_aThoughts and after thoughts / _cAltaf Gauhar. |
| 260 |
_aLahore : _bSang-e-Meel Publications, _c1998. |
||
| 300 |
_a480 p. ; _c22 cm. |
||
| 520 | _aCollection of articles previously published in a Daily "The Nation" during 1995-1998. | ||
| 651 | 0 |
_aPakistan _xPolitics and government _y1971-1988. |
|
| 651 | 0 |
_aPakistan _xPolitics and government _y1988- |
|
| 906 |
_a7 _bcbc _corigode _d3 _encip _f19 _gy-gencatlg |
||
| 942 |
_2ddc _cBK |
||
| 999 |
_c15513 _d15513 |
||